000 00577nam a2200217Ia 4500
003 OSt
005 20220928143106.0
006 a|||||r|||| 00| 0
007 ta
008 220927b |||||||| |||| 00| 0 eng d
024 _a21124
037 _cTextual
040 _aSDCL
_cSDCL
_beng
041 _2eng
_aeng
082 _aW691y7M18, M1
100 _aSoper Kate
_9504641
245 0 _aOn human needs
_bOpen and close theories in a Marxist perspective
260 _c1981
942 _hW691y7M18, M1
_cTEXL
_2CC
999 _c823182
_d823182